Qui a écrit ce classique de la littérature ? (2) - Statistiques

Statistiques générales
  • Ce quiz a été pris 1 530 fois
  • Le résultat moyen est 11 sur 15
Statistiques - réponses
Hint Réponse % Correct
Les Fables Jean de la Fontaine
98%
20 000 lieues sous les mers Jules Verne
93%
La Peste Albert Camus
88%
Au bonheur des dames Emile Zola
86%
A la recherche du temps perdu Marcel Proust
84%
Le Horla Guy de Maupassant
83%
Dom Juan Molière
82%
Phèdre Jean Racine
81%
Gargantua François Rabelais
74%
Alcools Guillaume Apollinaire
73%
L'éducation sentimentale Gustave Flaubert
71%
Les Essais Michel de Montaigne
70%
Rhinocéros Eugène Ionesco
62%
Jacques le fataliste Denis Diderot
55%
Une saison en enfer Arthur Rimbaud
41%
Aucun quiz correspondant
Distribution des résultats
% des personnes avec chaque résultat
Percentile par nombre de réponses
Votre historique - résultats
Vous n’avez pas pris ce quiz